000 00416nmm a2200145Ia 4500
008 251105s9999||||xx |||||||||||||||||und||
041 _aspa
100 _aPalermo, Sebastián
245 0 _aConfiar en mí
264 _a[Madrid, España] :
_bEdiciones B,
_c2016
300 _a187 páginas
650 _aSelf-help and personal development
856 _uhttps://public.digitaliapublishing.com/a/54604
942 _cCF
999 _c105999
_d105999